La pedagogía social de Don Bosco / (Record no. 63726)
[ view plain ]
| 000 -LEADER | |
|---|---|
| campo de control de longitud fija | 00851nam a2200229 i 4500 |
| 001 - NÚMERO DE CONTROL | |
| campo de control | 63726 |
| 003 - IDENTIFICADOR DE NÚMERO DE CONTROL | |
| campo de control | ES-MaACL |
| 005 - FECHA Y HORA DE LA ÚLTIMA TRANSACCIÓN | |
| campo de control | 20250829130245.0 |
| 007 - CAMPO FIJO DE DESCRIPCIÓN FÍSICA--INFORMACIÓN GENERAL | |
| campo de control de longitud fija | t| |
| 008 - DATOS DE LONGITUD FIJA--INFORMACIÓN GENERAL | |
| campo de control de longitud fija | 031216s1949 sp |||| |dspa d |
| 100 1# - ENTRADA PRINCIPAL--NOMBRE DE PERSONA | |
| Nombre de persona | Fierro Torres, Rodolfo. |
| 9 (RLIN) | 50719 |
| 245 13 - MENCIÓN DEL TÍTULO | |
| Título | La pedagogía social de Don Bosco / |
| Mención de responsabilidad, etc. | por Rodofo Fierro Torres ; prólogo de Salvador Minguijón. |
| 260 ## - PUBLICACIÓN, DISTRIBUCIÓN, ETC. | |
| Lugar de publicación, distribución, etc. | Madrid : |
| Nombre del editor, distribuidor, etc. | [s.n.], |
| Fecha de publicación, distribución, etc. | 1949 ( |
| Fabricante | C. Bermejo) |
| 300 ## - DESCRIPCIÓN FÍSICA | |
| Extensión | 389 p. ; |
| Dimensiones | 26 cm. |
| 594 ## - Nota al título y mención de responsabilidad | |
| Nota al título y mención de responsabilidad | Precede al tít.: Consejo Superior de Investigaciones Científicas. Instituto "San José de Calasanz" |
| 600 04 - PUNTO DE ACCESO ADICIONAL DE MATERIA--NOMBRE DE PERSONA | |
| Nombre de persona | Juan Bosco |
| Títulos y otros términos asociados al nombre | Santo. |
| 9 (RLIN) | 67105 |
| 650 07 - PUNTO DE ACCESO ADICIONAL DE MATERIA--TÉRMINO DE MATERIA | |
| Término de materia o nombre geográfico como elemento de entrada | Pedagogía social |
| Fuente del encabezamiento o término | embne |
| 9 (RLIN) | 15908 |
| 700 1# - ENTRADA AGREGADA--NOMBRE PERSONAL | |
| Nombre de persona | Minguijón y Adrián, Salvador. |
| 9 (RLIN) | 81357 |
| 710 2# - ENTRADA AGREGADA--NOMBRE DE ENTIDAD CORPORATIVA | |
| Nombre de entidad corporativa o nombre de jurisdicción como elemento de entrada | Instituto San José de Calasanz de Pedagogía |
| 9 (RLIN) | 163009 |
| 852 ## - LOCALIZACIÓN | |
| Ubicación | ES-MaACL |
| Número de control de estantería | D-6789 |
| Estatus retirado | Estado de pérdida | Estado de daño | No para préstamo | Biblioteca de origen | Biblioteca actual | Ubicación en estantería | Fecha de adquisición | Fuente de adquisición | Total de préstamos | Signatura topográfica completa | Código de barras | Visto por última vez | Precio de reemplazo | Tipo de ítem Koha |
|---|---|---|---|---|---|---|---|---|---|---|---|---|---|---|
| Biblioteca del Ateneo de Madrid | Biblioteca del Ateneo de Madrid | Sala Valle Inclán | 17/01/2008 | D-6789 | 901066787 | 23/02/2023 | 23/02/2023 | Libro impreso |
